LDR 00766naa#a2200229#i#450# 001 EN\\bibl\111285 005 20260419043214.7 011 ## _a2073-0462 100 ## _a20251230b2025####ek#y0engy0150####ca 101 0# _aRUS 102 ## _aRU 200 1# _aTECHNOLOGY FOR PRODUCING A HIGH-PROTEIN FEED PRODUCT FROM LUPINE _eJournal article 210 1# _aKazan _cKazan state agrarian University _d2025 215 ## _a11 с. 608 ## _aJournal article _2local 675 ## _aКонцентрированные корма в целом. 636.085.54 _zRUS 700 #1 _aProsvirnikov _gDmitriy Bogdanovich 700 #1 _aTuncev _gDenis Vladimirovich 700 #1 _aGaynullina _gMunira Kabirovna 700 #1 _aYakimov _gOleg Alekseevich 700 #1 _aKasanova _gNadiya Radikovna 856 4# _anaukaru.ru _u